| 000 | 003870000a22001450004500 | ||
|---|---|---|---|
| 020 | _a958-14-0094-X | ||
| 041 | 0 | _aSPA | |
| 082 | 0 | 4 | _aG 863 E779a |
| 100 | 1 | _aEsquivel, Alberto (1958-) | |
| 245 | 1 | 0 | _aAcelere : Obra ganadora del cuerto concurso de novela colombiana / Alberto Esquivel |
| 260 | _aBogotá, Colombia : Plaza y Janés | ||
| 300 | _a198 Pag | ||
| 001 | 11063 | ||
| 942 | _cBK | ||
| 999 |
_c40434 _d40434 |
||